Viking / (Record no. 163)

MARC details
000 -LEADER
fixed length control field 01150cam a22003257a 4500
005 - DATE AND TIME OF LATEST TRANSACTION
control field 20260322212008.0
008 - FIXED-LENGTH DATA ELEMENTS--GENERAL INFORMATION
fixed length control field data
010 ## - LIBRARY OF CONGRESS CONTROL NUMBER
LC control number 2010291645
020 ## - INTERNATIONAL STANDARD BOOK NUMBER
International Standard Book Number 9780756658298
020 ## - INTERNATIONAL STANDARD BOOK NUMBER
International Standard Book Number 0756658292
040 ## - CATALOGING SOURCE
Original cataloging agency BTCTA
Transcribing agency BTCTA
Modifying agency DLC
-- DLC
042 ## - AUTHENTICATION CODE
Authentication code lccopycat
050 00 - LIBRARY OF CONGRESS CALL NUMBER
Classification number DL65
Item number .M356 2010
082 00 - DEWEY DECIMAL CLASSIFICATION NUMBER
Classification number 948/.022
Edition information 22
092 ## - LOCALLY ASSIGNED DEWEY CALL NUMBER (OCLC)
Classification number 948 M356 2010
001 - CONTROL NUMBER
control field data
100 1# - MAIN ENTRY--PERSONAL NAME
Personal name Margeson, Susan M.
245 10 - TITLE STATEMENT
Title Viking /
Statement of responsibility, etc. Susan M. Margeson & Peter Anderson.
246 3# - VARYING FORM OF TITLE
Title proper/short title Eyewitness Viking
260 ## - PUBLICATION, DISTRIBUTION, ETC.
Place of publication, distribution, etc. New York :
Name of publisher, distributor, etc. Dorling Kindersley,
Date of publication, distribution, etc. c2010.
300 ## - PHYSICAL DESCRIPTION
Extent 72 p. :
Other physical details ill. (some col.), col. map, 1 fold-out sheet
Dimensions 29 cm.+
Accompanying material 1 clip-art CD-ROM.
490 1# - SERIES STATEMENT
Series statement DK Eyewitness books
500 ## - GENERAL NOTE
General note Includes index.
500 ## - GENERAL NOTE
General note "Discover the story of the Vikings--their ships, weapons, legends, and saga of war and discovery"--Cover.
650 #0 - SUBJECT ADDED ENTRY--TOPICAL TERM
Topical term or geographic name entry element Vikings
Form subdivision Juvenile literature.
650 #0 - SUBJECT ADDED ENTRY--TOPICAL TERM
Topical term or geographic name entry element Northmen
Form subdivision Juvenile literature.
700 1# - ADDED ENTRY--PERSONAL NAME
Personal name Anderson, Peter,
Dates associated with a name 1956 July 20-
830 #0 - SERIES ADDED ENTRY--UNIFORM TITLE
Uniform title DK eyewitness books.
856 42 - ELECTRONIC LOCATION AND ACCESS
Materials specified Publisher description
Uniform Resource Identifier <a href="http://www.loc.gov/catdir/enhancements/fy1007/2010291645-d.html">http://www.loc.gov/catdir/enhancements/fy1007/2010291645-d.html</a>
Holdings
Withdrawn status Lost status Damaged status Not for loan Home library Current library Shelving location Date acquired Total checkouts Full call number Barcode Date last seen Price effective from Koha item type
        Centerville Centerville General stacks 22/03/2026   948/.022 22 BC0010168 22/03/2026 22/03/2026 Books